Major weeds in thailand (Record no. 8818)

000 -LEADER
fixed length control field 00300nam a22001217a 4500
040 ## - CATALOGING SOURCE
Transcribing agency HS
082 ## - DEWEY DECIMAL CLASSIFICATION NUMBER
Classification number 632
110 ## - MAIN ENTRY--CORPORATE NAME
Corporate name or jurisdiction name as entry element JAPAN INTERNATIONAL COOPERATION AGENCY
245 ## - TITLE STATEMENT
Title Major weeds in thailand
260 ## - PUBLICATION, DISTRIBUTION, ETC. (IMPRINT)
Place of publication Thailand
Name of publisher JAPAN INTERNATIONAL COOPERATION AGENCY
Year of publication 1984
300 ## - PHYSICAL DESCRIPTION
Number of Pages 142p.
942 ## - ADDED ENTRY ELEMENTS (KOHA)
Koha item type សៀវភៅភាសាអង់គ្លេស
952 ## - LOCATION AND ITEM INFORMATION (KOHA)
Withdrawn status [LOCAL, KOHA] 0
952 ## - LOCATION AND ITEM INFORMATION (KOHA)
Withdrawn status [LOCAL, KOHA] 0
Holdings
Permanent Location Date acquired Koha item type Lost status Shelving location Barcode Current Location Full call number
Library Block B2016-08-16សៀវភៅភាសាអង់គ្លេស C252RUA056298Library Block B632 JAP 1984 C252
Library Block B2016-08-16សៀវភៅភាសាអង់គ្លេស C252RUA061874Library Block B632 JAP 1984 C252
មជ្ឈមណ្ឌលឯការនៃសាកលវិទ្យាល័យភូមិន្ទកសិកម្មចំការដូង

Powered by Koha